LEADER 00960nam a22002411i 4500 001 991003795249707536 005 20040610075020.0 008 040802s1954 fr |||||||||||||||||fre 035 $ab13129090-39ule_inst 035 $aARCHE-108170$9ExL 040 $aBiblioteca Interfacoltà$bita$cA.t.i. Arché s.c.r.l. Pandora Sicilia s.r.l. 082 04$a842.9 100 1 $aSalacrou, Armand$0466328 245 12$aL'archipel Lenoir ; suivi de La vie et la mort de Charles Dullin /$cArmand Salacrou 260 $aParis :$bGallimard,$c1954 300 $a191 p. ;$c17 cm 440 3$aLe livre de Poche 907 $a.b13129090$b02-04-14$c05-08-04 912 $a991003795249707536 945 $aLE002 Fondo Giudici L 125$g1$i2002000308917$lle002$nC. 1$o-$pE0.00$q-$rn$so $t0$u0$v0$w0$x0$y.i13765346$z05-08-04 996 $aArchipel Lenoir ; suivi de La vie et la mort de Charles Dullin$9309022 997 $aUNISALENTO 998 $ale002$b05-08-04$cm$da $e-$ffre$gfr $h2$i1 LEADER 01471nas 2200493-a 450 001 9910446846703321 005 20230213213019.0 011 $a1552-8278 035 $a(DE-599)ZDB2030802-4 035 $a(OCoLC)41205740 035 $a(CKB)954925591435 035 $a(CONSER)--2004214349 035 $a(EXLCZ)99954925591435 100 $a19990419a19909999 s-- a 101 0 $aeng 135 $aurmnu|||||||| 181 $ctxt$2rdacontent 182 $cc$2rdamedia 183 $acr$2rdacarrier 200 10$aSmall group research 210 $a[Thousand Oaks, Calif.] $cSage Publications$d[1990]- 300 $aRefereed/Peer-reviewed 300 $aTitle from journal home page (Sage Web site, viewed Sept. 26, 2007). 311 $a1046-4964 531 $aSMALL GR RES 531 $aSMALL GROUP RES 606 $aSmall groups$vPeriodicals 606 $aSmall groups$xResearch$vPeriodicals 606 $aGroup Processes 606 $aPsychotherapy, Group 606 $aSmall groups$2fast$3(OCoLC)fst01121421 606 $aSmall groups$xResearch$2fast$3(OCoLC)fst01121432 608 $aPeriodicals.$2fast 615 0$aSmall groups 615 0$aSmall groups$xResearch 615 2$aGroup Processes. 615 2$aPsychotherapy, Group. 615 7$aSmall groups. 615 7$aSmall groups$xResearch. 676 $a302 906 $aJOURNAL 912 $a9910446846703321 996 $aSmall group research$92108957 997 $aUNINA